Zavedenie daňového zvýhodnenia odpočtom výdavkov na výskum a vývoj zo základu dane

S účinnosťou od 1. januára 2015 bol zákonom č. 333/2014 Z. z., ktorým sa mení a dopĺňa aj zákon č. 595/2003 Z. z. o dani z príjmov v z. n. p. doplnený cit. zákon (okrem iných ustanovení ) aj o nové ustanovenie § 30c – Odpočet výdavkov (nákladov) na výskum a vývoj, ktoré upravuje postup jeho uplatne...

Descrizione completa

Salvato in:
Dettagli Bibliografici
Autore principale: Jurčík, Peter
Natura: Capitolo di libro
Lingua:slovacco
Soggetti:
Tags: Aggiungi Tag
Nessun Tag, puoi essere il primo ad aggiungerne!!

MARC

LEADER 00000naa a2200000 4500
001 0209567
005 20231208091147.1
041 0 |a slo 
044 |a SK 
245 1 0 |a Zavedenie daňového zvýhodnenia odpočtom výdavkov na výskum a vývoj zo základu dane  |c Peter Jurčík 
520 |a S účinnosťou od 1. januára 2015 bol zákonom č. 333/2014 Z. z., ktorým sa mení a dopĺňa aj zákon č. 595/2003 Z. z. o dani z príjmov v z. n. p. doplnený cit. zákon (okrem iných ustanovení ) aj o nové ustanovenie § 30c – Odpočet výdavkov (nákladov) na výskum a vývoj, ktoré upravuje postup jeho uplatnenia pri vyčíslení základu dane. Rozšírenie možnosti zníženia základu dane, s vplyvom na zníženia sumy odvedenej dane určenej na zaplatenie o vynaložené výdavky (náklady) na výskum a vývoj, je ďalším ústretovým krokom ministerstva financií za účelom podpory rozvoja výskumu a vývoja v danej oblasti podnikania daňovníka. 
610 2 0 |a odpočet dane 
610 2 0 |a výdavky 
610 2 0 |a výskum 
610 2 0 |a veda 
610 2 0 |a základ dane 
100 1 |a Jurčík, Peter